AH International Schools' Libraries

Normal view MARC view
  • Curriculum planning. Educational sociology.

Entry Topical Term

Number of records used in: 1

001 - CONTROL NUMBER

  • control field: 86682

003 - CONTROL NUMBER IDENTIFIER

  • control field: OSt

005 - DATE AND TIME OF LATEST TRANSACTION

  • control field: 20250910121141.0

008 - FIXED-LENGTH DATA ELEMENTS

  • fixed length control field: 250910|| aca||aabn | a|a d

040 ## - CATALOGING SOURCE

  • Original cataloging agency: OSt
  • Transcribing agency: OSt

150 ## - HEADING--TOPICAL TERM

  • Topical term or geographic name as entry element: Curriculum planning. Educational sociology.
  • General subdivision: Social aspects
  • Geographic subdivision: Great Britain

670 ## - SOURCE DATA FOUND

  • Source citation: Work cat.: (OSt)49547: Young, Michael F. D. 86681, The curriculum of the future :, 1998.

For any Logos Library related questions please contact Miss Art at swongnarasuk@asianhope.org.

For any Asian Hope Library related questions please contact Miss Raza at graza@asianhope.org.

Click here to explore our ebooks!

Powered by Koha